Statistics for EASY POINTS

Click here to take the quiz!

General Stats

  • This quiz has been taken 345 times
  • The average score is 4 of 5

Answer Stats

QuestionAnswer% Correct
What continent is Canada onNorth America
94%
What is the 3rd color in the rainbowYELLOW
94%
What country in Europe starts with HHungary
78%
How many colors are in the rainbow (in total)6
73%
Is Russia in Europe or Asia (There's a twist)Both
68%

Score Distribution

Percentile by Number Answered

Percent of People with Each Score

Your Score History

You have not taken this quiz